Catalog

Record Details

Catalog Search



Inheritors of the Earth : how nature is thriving ... Read More

Thomas, C. D.,(author.).

Available copies

  • 1 of 1 copy available at LARL/NWRL Consortium. (Show)
  • 1 of 1 copy available at Northwest Regional Library.

Current holds

0 current holds with 1 total copy.

Show Only Available Copies
Location Call Number / Copy Notes Barcode Shelving Location Status Due Date
Greenbush Public Library 576.84 THO (Text) 35500005947914 Main Available -

Record details

  • ISBN: 0241240751
  • ISBN: 9780241240755
  • ISBN: 9781610397278
  • ISBN: 1610397274
  • Physical Description: viii, 300 pages : illustrations, maps ; 25 cm
  • Edition: First United States edition.
  • Publisher: New York : Public Affairs, 2017.

Content descriptions

General Note:
First published: London : Allen Lane, 2017.
"March 2017"--Title page verso.
Bibliography, etc. Note:
Includes bibliographical references (pages ... Read More
Formatted Contents Note:
Part I. Opportunity. Prologue: Gains and losses ; ... Read More
Summary, etc.:
It is accepted wisdom today that human beings have ... Read More
Subject: Evolution (Biology) > Popular works.
Nature > Effect of human beings on > Popular works.
Biodiversity > Popular works.
Species > Popular works.
Resilience (Ecology) > Popular works.
LDR 03339cam a2200457Ii 4500
001267881
003LARL_NWRL_CONSORTIUM
00520171009213715.0
008170116r20172017nyuab b 001 0 eng d
010 . ‡a2017941303
019 . ‡a968771389 ‡a1000269420 ‡a1002030249
020 . ‡a0241240751
020 . ‡a9780241240755
020 . ‡a9781610397278
020 . ‡a1610397274
035 . ‡a(OCoLC)968312172 ‡z(OCoLC)968771389 ‡z(OCoLC)1000269420 ‡z(OCoLC)1002030249
040 . ‡aYDX ‡beng ‡erda ‡cYDX ‡dCDX ‡dNZFNP ‡dOCLCQ ‡dOCLCF ‡dSINUS ‡dUKUOY ‡dCZA ‡dCMI ‡dHEV ‡dFM0 ‡dBTCTA ‡dBDX ‡dGK8 ‡dYAM ‡dGZD
08204. ‡a576.84 ‡223
092 . ‡a576.84 ‡bT454
1001 . ‡aThomas, C. D., ‡eauthor.
24510. ‡aInheritors of the Earth : ‡bhow nature is thriving in an age of extinction / ‡cChris D. Thomas.
250 . ‡aFirst United States edition.
264 1. ‡aNew York : ‡bPublic Affairs, ‡c2017.
264 4. ‡c℗♭2017
300 . ‡aviii, 300 pages : ‡billustrations, maps ; ‡c25 cm
336 . ‡atext ‡btxt ‡2rdacontent
337 . ‡aunmediated ‡bn ‡2rdamedia
338 . ‡avolume ‡bnc ‡2rdacarrier
500 . ‡aFirst published: London : Allen Lane, 2017.
500 . ‡a"March 2017"--Title page verso.
504 . ‡aIncludes bibliographical references (pages 256-282) and index.
520 . ‡aIt is accepted wisdom today that human beings have irrevocably damaged the natural world. Yet what if this narrative obscures a more hopeful truth? In "Inheritors of the Earth", renowned ecologist and environmentalist Chris D. Thomas overturns the accepted story, revealing how nature is fighting back. Many animals and plants actually benefit from our presence, raising biological diversity in most parts of the world and increasing the rate at which new species are formed, perhaps to the highest level in Earth's history. From Costa Rican tropical forests to the thoroughly transformed British landscape, nature is coping surprisingly well in the human epoch. Chris Thomas takes us on a gripping round-the-world journey to meet the enterprising creatures that are thriving in the Anthropocene, from York's ochre-coloured comma butterfly to hybrid bison in North America, scarlet-beaked pukekos in New Zealand, and Asian palms forming thickets in the European Alps. In so doing, he questions our irrational persecution of so-called 'invasive species', and shows us that we should not treat the Earth as a faded masterpiece that we need to restore. After all, if life can recover from the asteroid that killed off the dinosaurs, might it not be able to survive the onslaughts of a technological ape?
5050 . ‡aPart I. Opportunity. Prologue: Gains and losses ; Biogenesis -- Part II. New Pangea. Prelude ; Fall and rise ; Never had it so good ; Steaming ahead ; Pangea reunited -- Part III. Genesis six. Prelude ; Heirs to the world ; Evolution never gives up ; The Pangean archipelago ; Hybrid -- Part IV. Anthropocene Park. Prelude ; The new natural ; Noah's Earth -- Epilogue: One million years AD.
650 0. ‡aEvolution (Biology) ‡vPopular works.
650 0. ‡aNature ‡xEffect of human beings on ‡vPopular works.
650 0. ‡aBiodiversity ‡vPopular works.
650 0. ‡aSpecies ‡vPopular works.
650 0. ‡aResilience (Ecology) ‡vPopular works.
901 . ‡a267881 ‡b ‡c267881 ‡tbiblio

Additional Resources